000 00611cam a2200193 a 4500
001 000017955
005 20200929165307.0
008 931008m19931997sp a b l000 1 spa c
020 _a8445106937
040 _aDO-SdBNP
_bspa
_cBNPHU
082 _axxxx
_bM183
245 0 0 _aMadrid en la novela /
_cestudio y seleccion de Joquín Álvarez Barrientos.
260 _aMadrid :
_bComunidad de Madrid,
_cc1993.
300 _av. :
_bil. ;
_c25 cm.
490 1 _aMadrid en la literatura
500 _aLa biblioteca posee el volumen 2
504 _aBibliografía : p. 291-293
830 0 _aMadrid en la literatura
_938936
999 _c17479
_d17479